000
00342nam a2200157Ia 4500
100
_a
Severance/Frank L
650
_a
Simulation
942
_c
BK
366
_f
25
654
_a
modeling
245
_a
System modeling and Simulation
260
_b
Wiley India
_c
2005
082
_a
3.3
_b
SEV
300
_a
506
546
_a
ENGLISH
_c
PAMPHALETS
999
_c
32533
_d
32533